A tér és idő relativitása és a gravitációs hullámok
Elmentve itt :
| Szerző: | |
|---|---|
| Adatforrás: | Philobibl |
| Dokumentumtípus: | Könyv |
| Nyelv: | magyar |
| Megjelent: |
Kolozsvár
Dacia
1974
|
| LEADER | 00299nam a2200097 c 4500 | ||
|---|---|---|---|
| 001 | bibPHI0036421 | ||
| 005 | 20200924123639.5 | ||
| 008 | 100104s1974 rm hun | ||
| 100 | 1 | |a Semlyén János | |
| 245 | 1 | 2 | |a A tér és idő relativitása és a gravitációs hullámok |c Semlyén János |
| 260 | |a Kolozsvár |b Dacia |c 1974 | ||